| 000 | 00471nam a2200169Ia 4500 | ||
|---|---|---|---|
| 999 |
_c26901 _d26901 |
||
| 003 | OSt | ||
| 005 | 20201221115437.0 | ||
| 008 | 190216s9999||||xx |||||||||||||| ||und|| | ||
| 040 | _coclc | ||
| 082 |
_a894.8124 _bSAC/P |
||
| 100 |
_aSatchidanandan, K _96203 |
||
| 245 | 0 |
_aPadavukal / _cK Sachidanandan |
|
| 260 |
_bPoorna Publication, _a Kozhikode: |
||
| 300 | _a254p | ||
| 650 | _aLekhanam | ||
| 942 |
_cBK _2ddc _h894.8124 _iSAC/P _k894.8124 _mSAC/P |
||